00630nam a2200181 i 450000100060000000300090000600500170001500700030003200800410003524500950007626000330017130000210020470000260022570000260025185200320027799900170030995201220032662178ES-MaACL20230906164624.0t|031118s1971 sp ||||1| spa d03aLa feria de los disparates / cJean Charles ; traducción del francés por Eloy Requena. aMadrid : bStudium, c[1971] a87 p. ; c19 cm.1 aCharles, Jean.9380781 aRequena, Eloy.996289 aES-MaACLjC-44885 bR.80285 c62178d62178 00104070aATENEOMbATENEOMcDEPO2d2008-01-17eSCl0oC-44885p1065185r2023-02-23 00:00:00w2023-02-23yMONOGRAFIA